<?xml version="1.0" encoding="UTF-8"?><?xml-stylesheet type="text/xsl" href="static/style.xsl"?><OAI-PMH xmlns="http://www.openarchives.org/OAI/2.0/" xmlns:xsi="http://www.w3.org/2001/XMLSchema-instance" xsi:schemaLocation="http://www.openarchives.org/OAI/2.0/ http://www.openarchives.org/OAI/2.0/OAI-PMH.xsd"><responseDate>2026-04-27T08:18:48Z</responseDate><request verb="GetRecord" identifier="oai:uvadoc.uva.es:10324/73061" metadataPrefix="marc">https://uvadoc.uva.es/oai/request</request><GetRecord><record><header><identifier>oai:uvadoc.uva.es:10324/73061</identifier><datestamp>2025-01-07T20:01:19Z</datestamp><setSpec>com_10324_1173</setSpec><setSpec>com_10324_931</setSpec><setSpec>com_10324_894</setSpec><setSpec>col_10324_1371</setSpec></header><metadata><record xmlns="http://www.loc.gov/MARC21/slim" xmlns:doc="http://www.lyncode.com/xoai" xmlns:xsi="http://www.w3.org/2001/XMLSchema-instance" xmlns:dcterms="http://purl.org/dc/terms/" xsi:schemaLocation="http://www.loc.gov/MARC21/slim http://www.loc.gov/standards/marcxml/schema/MARC21slim.xsd">
<leader>00925njm 22002777a 4500</leader>
<datafield tag="042" ind1=" " ind2=" ">
<subfield code="a">dc</subfield>
</datafield>
<datafield tag="720" ind1=" " ind2=" ">
<subfield code="a">Demirkaya, Emre</subfield>
<subfield code="e">author</subfield>
</datafield>
<datafield tag="720" ind1=" " ind2=" ">
<subfield code="a">Cocero Alonso, María José</subfield>
<subfield code="e">author</subfield>
</datafield>
<datafield tag="720" ind1=" " ind2=" ">
<subfield code="a">Cantero Sposetti, Danilo Alberto</subfield>
<subfield code="e">author</subfield>
</datafield>
<datafield tag="260" ind1=" " ind2=" ">
<subfield code="c">2024</subfield>
</datafield>
<datafield tag="520" ind1=" " ind2=" ">
<subfield code="a">Black liquor (BL) has valuable lignin and its derived compounds, which can be used for many purposes, such as polyol synthesis. Herein, we reveal polyols presence in depolymerized black liquor (DBL) and propose a fast and scalable approach to increase the yield of this fraction. Hydrothermal treatment (HTL) of black liquor (385°C, 26 MPa) was performed in a custom designed supercritical water (SCW) pilot-plant with rapid reaction times of around 0.4 s. Ash-free, total ethyl acetate extracted bio-oil yield was found 77% w/w. In addition to the contribution of the detailed fractionation methods, this study highlights continuous operation (>1 hour), and short reaction times (∼0.4 s) of raw black liquor in SCW to produce biopolyols and aromatic bio-oil.</subfield>
</datafield>
<datafield tag="024" ind2=" " ind1="8">
<subfield code="a">The Journal of Supercritical Fluids, 2024, vol. 211, 106296</subfield>
</datafield>
<datafield tag="024" ind2=" " ind1="8">
<subfield code="a">0896-8446</subfield>
</datafield>
<datafield tag="024" ind2=" " ind1="8">
<subfield code="a">https://uvadoc.uva.es/handle/10324/73061</subfield>
</datafield>
<datafield tag="024" ind2=" " ind1="8">
<subfield code="a">10.1016/j.supflu.2024.106296</subfield>
</datafield>
<datafield tag="024" ind2=" " ind1="8">
<subfield code="a">106296</subfield>
</datafield>
<datafield tag="024" ind2=" " ind1="8">
<subfield code="a">The Journal of Supercritical Fluids</subfield>
</datafield>
<datafield tag="024" ind2=" " ind1="8">
<subfield code="a">211</subfield>
</datafield>
<datafield tag="245" ind1="0" ind2="0">
<subfield code="a">Supercritical water depolymerization of black liquor, refining and comprehensive analysis of products including biopolyols</subfield>
</datafield>
</record></metadata></record></GetRecord></OAI-PMH>